A first course in abstract algebra
Gespeichert in:
| 1. Verfasser: | |
|---|---|
| Format: | Buch |
| Sprache: | Englisch |
| Veröffentlicht: |
Reading
Addison-Wesley
1976
|
| Ausgabe: | 2a. ed |
| Schlagworte: | |
| Tags: |
Tag hinzufügen
Keine Tags, Fügen Sie den ersten Tag hinzu!
|
MARC
| LEADER | 00000nam a2200000 a 4500 | ||
|---|---|---|---|
| 001 | UCQ8378 | ||
| 003 | CL-VaPUC | ||
| 005 | 20230718074432.0 | ||
| 008 | 981209e19760000US |||||||||||||||||eng|d | ||
| 999 | |c 277663 |d 277661 | ||
| 040 | |c Pontificia Universidad Católica de Valparaíso | ||
| 082 | 0 | 4 | |a 512.02 |b FRA |2 21 |
| 100 | 0 | |a Fraleigh, John B |e author |9 422351 | |
| 245 | 1 | 2 | |a A first course in abstract algebra |
| 250 | |a 2a. ed | ||
| 260 | |a Reading |b Addison-Wesley |c 1976 | ||
| 300 | |a 455 p | ||
| 583 | |a last modification |c 19981209 00:00:00 |k Rodrigo Vera | ||
| 650 | 0 | |a Matemática |9 260235 | |
| 650 | 0 | |a Álgebra |x Algebra abstracta |9 259567 | |
| 942 | |c BK |2 ddc | ||
| 945 | |d 19981209 00:00:00 |a crobeson | ||
| 952 | |0 0 |1 0 |2 ddc |4 0 |6 512_020000000000000_FRA_1976 |7 0 |8 A |9 315726 |a BIBMAT |b BIBMAT |c GEN |d 2019-11-20 |i 1301950 |o 512.02 FRA 1976 |p 1301950 |r 2025-01-07 |w 2019-11-20 |y BK |k MAT | ||